[Event "World Youth & Cadets Rapid Championships"]
[Site "Rhodes, Greece"]
[Date "2022.05.01"]
[Round "8.10"]
[White "Hagner, Bennet"]
[Black "Krawczyk, Flawian"]
[Result "1-0"]
[TimeControl "10'/game & 5\"/move"]
[WhiteElo "2186"]
[BlackElo "1835"]

1. e4 {[%clk 00:10:09]} c5 {[%clk 00:10:10]} {[%emt 00:00:01]} 2. Nf3 {[%clk
00:10:13]} {[%emt 00:00:01]} d6 {[%clk 00:10:14]} {[%emt 00:00:01]} 3. d4
{[%clk 00:10:17]} cxd4 {[%clk 00:10:18]} 4. Nxd4 {[%clk 00:10:21]} {[%emt
00:00:01]} Nf6 {[%clk 00:10:23]} 5. Nc3 {[%clk 00:10:25]} {[%emt 00:00:01]} a6
{[%clk 00:10:27]} {[%emt 00:00:01]} 6. Bg5 {[%clk 00:10:29]} {[%emt 00:00:01]}
Nbd7 {[%clk 00:10:31]} {[%emt 00:00:01]} 7. Bc4 {[%clk 00:10:32]} {[%emt
00:00:01]} Qb6 {[%clk 00:10:21]} {[%emt 00:00:16]} 8. O-O {[%clk 00:10:33]}
{[%emt 00:00:04]} e6 {[%clk 00:09:52]} {[%emt 00:00:34]} 9. Bxe6 {[%clk
00:08:49]} {[%emt 00:01:48]} fxe6 {[%clk 00:09:26]} {[%emt 00:00:31]} 10. Nxe6
{[%clk 00:08:52]} {[%emt 00:00:02]} Nc5 {[%clk 00:07:51]} {[%emt 00:01:40]} 11.
Nf4 {[%clk 00:06:36]} {[%emt 00:02:21]} Ne6 {[%clk 00:03:40]} {[%emt 00:04:16]}
12. e5 {[%clk 00:03:55]} {[%emt 00:02:46]} dxe5 {[%clk 00:02:36]} {[%emt
00:01:10]} 13. Bxf6 {[%clk 00:03:36]} {[%emt 00:00:23]} exf4 {[%clk 00:02:05]}
{[%emt 00:00:36]} 14. Qh5+ {[%clk 00:02:37]} {[%emt 00:01:04]} g6 {[%clk
00:02:00]} {[%emt 00:00:10]} 15. Qe2 {[%clk 00:02:40]} {[%emt 00:00:02]} Rg8
{[%clk 00:01:40]} {[%emt 00:00:26]} 16. Nd5 {[%clk 00:02:16]} {[%emt 00:00:29]}
Qc6 {[%clk 00:01:40]} {[%emt 00:00:05]} 17. Rad1 {[%clk 00:01:53]} {[%emt
00:00:27]} Kf7 {[%clk 00:01:44]} {[%emt 00:00:01]} 18. Bc3 {[%clk 00:01:39]}
{[%emt 00:00:19]} Bg7 {[%clk 00:01:17]} {[%emt 00:00:33]} 19. Bxg7 {[%clk
00:01:41]} {[%emt 00:00:02]} Rxg7 {[%clk 00:01:20]} {[%emt 00:00:02]} 20. Qe5
{[%clk 00:01:45]} {[%emt 00:00:01]} Bd7 {[%clk 00:00:41]} {[%emt 00:00:44]} 21.
Qf6+ {[%clk 00:01:29]} {[%emt 00:00:20]} Kg8 {[%clk 00:00:42]} {[%emt
00:00:05]} 22. Ne7+ {[%clk 00:01:15]} {[%emt 00:00:19]} Rxe7 {[%clk 00:00:40]}
{[%emt 00:00:07]} 23. Qxe7 {[%clk 00:01:19]} {[%emt 00:00:01]} Nf8 {[%clk
00:00:44]} {[%emt 00:00:02]} 24. Rd6 {[%clk 00:00:38]} {[%emt 00:00:45]} Qb5
{[%clk 00:00:23]} {[%emt 00:00:27]} 25. Rf6 {[%clk 00:00:29]} {[%emt 00:00:14]}
Qd5 {[%clk 00:00:25]} {[%emt 00:00:03]} 26. c4 {[%clk 00:00:30]} {[%emt
00:00:04]} Qxc4 {[%clk 00:00:18]} {[%emt 00:00:12]} 27. Rd1 {[%clk 00:00:19]}
{[%emt 00:00:16]} Be6 {[%clk 00:00:16]} {[%emt 00:00:07]} 28. b3 {[%clk
00:00:19]} {[%emt 00:00:04]} Qe2 {[%clk 00:00:11]} {[%emt 00:00:11]} 29. Rc1
{[%clk 00:00:21]} {[%emt 00:00:03]} Qd2 {[%clk 00:00:07]} {[%emt 00:00:08]} 30.
Rf1 {[%clk 00:00:15]} {[%emt 00:00:11]} Qd7 {[%clk 00:00:11]} 31. Qb4 {[%clk
00:00:16]} {[%emt 00:00:04]} Qg7 {[%clk 00:00:15]} {[%emt 00:00:02]} 32. Qxf4
{[%clk 00:00:16]} {[%emt 00:00:04]} Bf5 {[%clk 00:00:19]} {[%emt 00:00:02]} 33.
Qd6 {[%clk 00:00:15]} {[%emt 00:00:06]} Qd7 {[%clk 00:00:19]} {[%emt 00:00:05]}
34. Qb4 {[%clk 00:00:13]} {[%emt 00:00:06]} Re8 {[%clk 00:00:22]} {[%emt
00:00:02]} 35. Rd6 {[%clk 00:00:09]} {[%emt 00:00:09]} Qe7 {[%clk 00:00:24]}
{[%emt 00:00:04]} 36. Qc4+ {[%clk 00:00:10]} {[%emt 00:00:04]} Be6 {[%clk
00:00:20]} {[%emt 00:00:08]} 37. Qd4 {[%clk 00:00:14]} {[%emt 00:00:02]} Bf5
{[%clk 00:00:21]} {[%emt 00:00:04]} 38. h3 {[%clk 00:00:15]} {[%emt 00:00:04]}
Ne6 {[%clk 00:00:25]} 39. Qd2 {[%clk 00:00:17]} {[%emt 00:00:02]} Rd8 {[%clk
00:00:29]} {[%emt 00:00:01]} 40. Rxd8+ {[%clk 00:00:19]} {[%emt 00:00:03]} Qxd8
{[%clk 00:00:33]} 41. Qe3 {[%clk 00:00:20]} {[%emt 00:00:04]} Qd4 {[%clk
00:00:37]} {[%emt 00:00:01]} 42. Qe2 {[%clk 00:00:17]} {[%emt 00:00:08]} Kg7
{[%clk 00:00:30]} {[%emt 00:00:12]} 43. Rd1 {[%clk 00:00:21]} {[%emt 00:00:02]}
Qe4 {[%clk 00:00:23]} {[%emt 00:00:12]} 44. Rd7+ {[%clk 00:00:24]} {[%emt
00:00:01]} Kh6 {[%clk 00:00:27]} 45. Qd2+ {[%clk 00:00:26]} {[%emt 00:00:03]}
Qf4 {[%clk 00:00:32]} 46. Qxf4+ {[%clk 00:00:27]} {[%emt 00:00:04]} Nxf4 {[%clk
00:00:36]} {[%emt 00:00:01]} 47. Rxb7 {[%clk 00:00:30]} {[%emt 00:00:02]} Nxg2
{[%emt 00:00:08]} 48. Rb4 {[%clk 00:00:27]} {[%emt 00:00:07]} Ne1 {[%clk
00:00:33]} {[%emt 00:00:06]} 49. Ra4 {[%clk 00:00:27]} {[%emt 00:00:05]} Bxh3
{[%clk 00:00:29]} {[%emt 00:00:09]} 50. Rh4+ {[%clk 00:00:29]} {[%emt
00:00:02]} Kg5 {[%clk 00:00:29]} {[%emt 00:00:06]} 51. Rxh3 {[%clk 00:00:33]}
{[%emt 00:00:01]} Nc2 {[%clk 00:00:33]} 52. Rc3 {[%clk 00:00:34]} {[%emt
00:00:03]} Nd4 {[%clk 00:00:36]} {[%emt 00:00:02]} 53. Rc4 {[%clk 00:00:36]}
{[%emt 00:00:04]} Nf3+ {[%clk 00:00:38]} {[%emt 00:00:02]} 54. Kg2 {[%clk
00:00:39]} {[%emt 00:00:02]} Ne5 {[%clk 00:00:42]} {[%emt 00:00:01]} 55. f4+
{[%clk 00:00:41]} {[%emt 00:00:03]} 1-0

[Event "World Youth & Cadets Rapid Championships"]
[Site "Rhodes, Greece"]
[Date "2022.05.01"]
[Round "8.11"]
[White "Gurel, Ediz"]
[Black "Bazilius, Augustinas"]
[Result "1-0"]
[TimeControl "10'/game & 5\"/move"]
[WhiteElo "1779"]
[BlackElo "1928"]

1. e4 {[%clk 00:10:09]} c5 {[%clk 00:10:09]} {[%emt 00:00:02]} 2. Nf3 {[%clk
00:10:13]} {[%emt 00:00:01]} a6 {[%clk 00:10:11]} {[%emt 00:00:02]} 3. Nc3
{[%clk 00:10:09]} {[%emt 00:00:09]} b5 {[%clk 00:10:13]} {[%emt 00:00:04]} 4.
d4 {[%clk 00:09:56]} {[%emt 00:00:18]} e6 {[%clk 00:10:06]} {[%emt 00:00:12]} 5.
a4 {[%clk 00:09:21]} {[%emt 00:00:41]} b4 {[%clk 00:10:07]} {[%emt 00:00:03]} 6.
Ne2 {[%clk 00:09:24]} {[%emt 00:00:01]} d6 {[%clk 00:08:55]} {[%emt 00:01:18]}
7. d5 {[%clk 00:09:01]} {[%emt 00:00:28]} e5 {[%clk 00:08:49]} {[%emt
00:00:11]} 8. Nd2 {[%clk 00:08:35]} {[%emt 00:00:31]} Nf6 {[%clk 00:08:27]}
{[%emt 00:00:26]} 9. f3 {[%clk 00:08:28]} {[%emt 00:00:12]} Be7 {[%clk
00:07:32]} {[%emt 00:01:00]} 10. Ng3 {[%clk 00:08:05]} {[%emt 00:00:28]} O-O
{[%emt 00:01:57]} 11. Bd3 {[%clk 00:07:52]} a5 {[%clk 00:04:04]} {[%emt
00:02:01]} 12. O-O {[%clk 00:07:31]} {[%emt 00:00:25]} Nbd7 {[%clk 00:03:42]}
{[%emt 00:00:26]} 13. Nf5 {[%clk 00:06:41]} {[%emt 00:00:55]} Nb6 {[%clk
00:03:16]} {[%emt 00:00:31]} 14. Ne3 {[%clk 00:06:45]} {[%emt 00:00:01]} Bd7
{[%clk 00:02:48]} {[%emt 00:00:33]} 15. b3 {[%clk 00:06:44]} {[%emt 00:00:06]}
Ne8 {[%clk 00:02:24]} {[%emt 00:00:30]} 16. Qe2 {[%clk 00:05:47]} {[%emt
00:01:01]} Nc7 {[%clk 00:02:24]} {[%emt 00:00:05]} 17. Ndc4 {[%clk 00:05:30]}
{[%emt 00:00:22]} Nxc4 {[%clk 00:02:14]} {[%emt 00:00:15]} 18. Nxc4 {[%clk
00:05:22]} {[%emt 00:00:14]} Kh8 {[%clk 00:01:38]} {[%emt 00:00:41]} 19. f4
{[%clk 00:04:48]} {[%emt 00:00:38]} f6 {[%clk 00:00:44]} {[%emt 00:00:59]} 20.
Nb6 {[%clk 00:04:43]} {[%emt 00:00:11]} Rb8 {[%clk 00:00:48]} {[%emt 00:00:01]}
21. Nxd7 {[%clk 00:04:46]} {[%emt 00:00:02]} Qxd7 {[%clk 00:00:51]} {[%emt
00:00:01]} 22. f5 {[%clk 00:04:50]} g6 {[%clk 00:00:18]} {[%emt 00:00:39]} 23.
Be3 {[%clk 00:04:07]} {[%emt 00:00:47]} Kg7 {[%clk 00:00:14]} {[%emt 00:00:10]}
24. Rf3 {[%clk 00:03:58]} {[%emt 00:00:14]} g5 {[%clk 00:00:08]} {[%emt
00:00:12]} 25. h4 {[%clk 00:03:30]} {[%emt 00:00:32]} h6 {[%clk 00:00:10]}
{[%emt 00:00:02]} 26. Rh3 {[%clk 00:03:31]} {[%emt 00:00:04]} Rh8 {[%clk
00:00:09]} {[%emt 00:00:07]} 27. Kf2 {[%clk 00:03:30]} {[%emt 00:00:06]} Qe8
{[%clk 00:00:10]} {[%emt 00:00:04]} 28. Rah1 {[%clk 00:03:26]} {[%emt
00:00:08]} Qf7 {[%clk 00:00:14]} {[%emt 00:00:01]} 29. Qd1 {[%clk 00:02:48]}
{[%emt 00:00:44]} Rbd8 {[%clk 00:00:16]} {[%emt 00:00:03]} 30. Be2 {[%clk
00:02:49]} {[%emt 00:00:04]} Rb8 {[%clk 00:00:12]} {[%emt 00:00:09]} 31. Bh5
{[%clk 00:02:48]} {[%emt 00:00:05]} Qf8 {[%clk 00:00:13]} {[%emt 00:00:04]} 32.
Bg6 {[%clk 00:02:49]} {[%emt 00:00:04]} Qd8 {[%clk 00:00:10]} {[%emt 00:00:09]}
33. hxg5 {[%clk 00:02:46]} {[%emt 00:00:08]} hxg5 {[%clk 00:00:10]} {[%emt
00:00:05]} 34. Rh7+ {[%clk 00:02:30]} {[%emt 00:00:20]} Rxh7 {[%clk 00:00:10]}
{[%emt 00:00:06]} 35. Rxh7+ {[%clk 00:02:34]} Kg8 {[%clk 00:00:10]} {[%emt
00:00:06]} 36. Qh5 {[%clk 00:02:38]} 1-0

[Event "World Youth & Cadets Rapid Championships"]
[Site "Rhodes, Greece"]
[Date "2022.05.01"]
[Round "8.12"]
[White "Morkunas, Gustas"]
[Black "Toktomushev, Teimur"]
[Result "0-1"]
[TimeControl "10'/game & 5\"/move"]
[WhiteElo "1955"]
[BlackElo "1935"]

1. e4 {[%clk 00:10:08]} {[%emt 00:00:02]} c5 {[%clk 00:10:08]} {[%emt
00:00:02]} 2. Nf3 {[%clk 00:10:11]} {[%emt 00:00:02]} e6 {[%clk 00:10:11]}
{[%emt 00:00:02]} 3. d4 {[%clk 00:10:14]} {[%emt 00:00:01]} cxd4 {[%clk
00:10:14]} {[%emt 00:00:02]} 4. Nxd4 {[%clk 00:10:17]} {[%emt 00:00:01]} a6
{[%clk 00:10:17]} {[%emt 00:00:02]} 5. Nc3 {[%clk 00:10:16]} {[%emt 00:00:06]}
b5 {[%clk 00:10:18]} {[%emt 00:00:05]} 6. Bd3 {[%clk 00:09:57]} {[%emt
00:00:24]} Bb7 {[%clk 00:10:19]} {[%emt 00:00:03]} 7. O-O {[%clk 00:09:42]}
{[%emt 00:00:20]} Nc6 {[%clk 00:09:06]} {[%emt 00:01:19]} 8. Be3 {[%clk
00:08:37]} {[%emt 00:01:09]} Nf6 {[%clk 00:08:27]} {[%emt 00:00:45]} 9. Re1
{[%clk 00:05:24]} {[%emt 00:03:18]} Qc7 {[%clk 00:06:58]} {[%emt 00:01:33]} 10.
a3 {[%clk 00:04:40]} {[%emt 00:00:50]} Bd6 {[%clk 00:05:48]} {[%emt 00:01:16]}
11. h3 {[%clk 00:04:29]} {[%emt 00:00:15]} Bh2+ {[%clk 00:04:38]} {[%emt
00:01:14]} 12. Kh1 {[%clk 00:03:52]} {[%emt 00:00:43]} Nxd4 {[%clk 00:04:22]}
{[%emt 00:00:20]} 13. Bxd4 {[%clk 00:03:54]} {[%emt 00:00:03]} Be5 {[%clk
00:04:22]} {[%emt 00:00:05]} 14. Bxe5 {[%clk 00:02:58]} {[%emt 00:01:02]} Qxe5
{[%clk 00:04:25]} {[%emt 00:00:02]} 15. Qe2 {[%clk 00:02:45]} {[%emt 00:00:18]}
O-O {[%clk 00:02:42]} {[%emt 00:01:48]} 16. Rad1 {[%clk 00:02:25]} {[%emt
00:00:24]} Nh5 {[%clk 00:01:43]} {[%emt 00:01:04]} 17. Qe3 {[%clk 00:02:17]}
{[%emt 00:00:14]} Nf4 {[%clk 00:01:41]} {[%emt 00:00:07]} 18. Bf1 {[%clk
00:02:20]} {[%emt 00:00:02]} Bc6 {[%clk 00:01:19]} {[%emt 00:00:28]} 19. g3
{[%clk 00:02:12]} {[%emt 00:00:12]} Nh5 {[%clk 00:01:11]} {[%emt 00:00:12]} 20.
f4 {[%clk 00:01:59]} {[%emt 00:00:19]} Qc7 {[%clk 00:01:11]} {[%emt 00:00:04]}
21. Bg2 {[%clk 00:02:03]} {[%emt 00:00:02]} f5 {[%clk 00:00:41]} {[%emt
00:00:36]} 22. e5 {[%clk 00:01:36]} {[%emt 00:00:32]} Bxg2+ {[%clk 00:00:35]}
{[%emt 00:00:10]} 23. Kxg2 {[%clk 00:01:38]} {[%emt 00:00:02]} g5 {[%clk
00:00:35]} {[%emt 00:00:07]} 24. Qf3 {[%clk 00:01:31]} {[%emt 00:00:11]} Ng7
{[%clk 00:00:22]} {[%emt 00:00:18]} 25. fxg5 {[%clk 00:01:33]} {[%emt
00:00:03]} f4 {[%clk 00:00:19]} {[%emt 00:00:09]} 26. g4 {[%emt 00:00:04]} a5
{[%clk 00:00:08]} {[%emt 00:00:14]} 27. Rd2 {[%clk 00:01:30]} {[%emt 00:00:10]}
b4 {[%clk 00:00:13]} 28. Ne4 {[%clk 00:01:27]} {[%emt 00:00:08]} bxa3 {[%clk
00:00:09]} {[%emt 00:00:09]} 29. bxa3 {[%clk 00:01:30]} {[%emt 00:00:01]} Rab8
{[%clk 00:00:07]} {[%emt 00:00:07]} 30. Nf6+ {[%clk 00:01:34]} {[%emt
00:00:01]} Kh8 {[%clk 00:00:12]} 31. Qe4 {[%clk 00:01:30]} {[%emt 00:00:08]}
Qb7 {[%clk 00:00:07]} {[%emt 00:00:11]} 32. Qxb7 {[%clk 00:01:21]} {[%emt
00:00:13]} Rxb7 {[%clk 00:00:11]} 33. Rxd7 {[%clk 00:01:18]} {[%emt 00:00:07]}
f3+ {[%clk 00:00:06]} {[%emt 00:00:10]} 34. Kf2 {[%clk 00:01:19]} {[%emt
00:00:05]} Rxd7 {[%clk 00:00:09]} {[%emt 00:00:02]} 35. Nxd7 {[%clk 00:01:22]}
{[%emt 00:00:02]} Rd8 {[%clk 00:00:07]} {[%emt 00:00:07]} 36. Nf6 {[%clk
00:01:09]} {[%emt 00:00:18]} Rd2+ {[%clk 00:00:09]} {[%emt 00:00:04]} 37. Kxf3
{[%clk 00:01:12]} {[%emt 00:00:01]} Rxc2 {[%clk 00:00:12]} {[%emt 00:00:02]} 38.
Rb1 {[%clk 00:01:16]} {[%emt 00:00:01]} Rc8 {[%clk 00:00:08]} {[%emt 00:00:09]}
39. Rb5 {[%clk 00:01:14]} {[%emt 00:00:07]} Ne8 {[%clk 00:00:06]} {[%emt
00:00:07]} 40. Rxa5 {[%clk 00:01:14]} {[%emt 00:00:05]} Rc3+ {[%clk 00:00:08]}
{[%emt 00:00:04]} 41. Ke4 {[%clk 00:01:13]} {[%emt 00:00:06]} Nc7 {[%clk
00:00:09]} {[%emt 00:00:03]} 42. Ra7 {[%clk 00:01:07]} {[%emt 00:00:11]} Rc4+
{[%clk 00:00:07]} {[%emt 00:00:08]} 43. Ke3 {[%clk 00:01:00]} {[%emt 00:00:10]}
Rc3+ {[%clk 00:00:11]} {[%emt 00:00:02]} 44. Kd4 {[%clk 00:01:03]} {[%emt
00:00:02]} Nb5+ {[%clk 00:00:15]} {[%emt 00:00:01]} 45. Ke4 {[%clk 00:01:00]}
{[%emt 00:00:08]} Nxa7 {[%clk 00:00:20]} 46. h4 {[%clk 00:01:02]} {[%emt
00:00:04]} Rxa3 {[%clk 00:00:21]} {[%emt 00:00:04]} 47. h5 {[%clk 00:01:05]}
{[%emt 00:00:01]} Ra4+ {[%clk 00:00:21]} {[%emt 00:00:05]} 48. Kf3 {[%clk
00:01:06]} {[%emt 00:00:04]} Nc6 {[%clk 00:00:25]} {[%emt 00:00:01]} 49. Nd7
{[%clk 00:01:08]} {[%emt 00:00:04]} Kg7 {[%clk 00:00:22]} {[%emt 00:00:08]} 50.
Kg3 {[%clk 00:00:59]} {[%emt 00:00:14]} Ra7 {[%clk 00:00:11]} {[%emt 00:00:15]}
51. Nc5 {[%clk 00:01:01]} {[%emt 00:00:02]} Kf7 {[%clk 00:00:15]} {[%emt
00:00:01]} 52. Kf4 {[%clk 00:01:01]} {[%emt 00:00:05]} Ra5 {[%clk 00:00:13]}
{[%emt 00:00:08]} 53. Nd7 {[%clk 00:01:01]} {[%emt 00:00:05]} Rd5 {[%clk
00:00:11]} {[%emt 00:00:07]} 54. Nf6 {[%clk 00:01:05]} {[%emt 00:00:02]} Rd4+
{[%clk 00:00:11]} {[%emt 00:00:04]} 55. Ke3 {[%clk 00:01:09]} {[%emt 00:00:02]}
Kg7 {[%clk 00:00:13]} {[%emt 00:00:03]} 56. Ne8+ {[%clk 00:00:00]} {[%emt
00:00:38]} Kf8 {[%clk 00:00:15]} {[%emt 00:00:33]} 57. Nf6 {[%clk 00:03:07]}
{[%emt 00:00:05]} Ra4 {[%clk 00:00:11]} {[%emt 00:00:09]} 58. Nxh7+ {[%clk
00:03:06]} {[%emt 00:00:06]} Kg7 {[%clk 00:00:15]} 59. Nf6 {[%clk 00:03:05]}
{[%emt 00:00:06]} Nxe5 {[%clk 00:00:19]} {[%emt 00:00:01]} 60. h6+ {[%clk
00:03:00]} {[%emt 00:00:11]} Kg6 {[%clk 00:00:18]} {[%emt 00:00:05]} 61. h7
{[%clk 00:03:04]} {[%emt 00:00:01]} Nf7 {[%clk 00:00:15]} {[%emt 00:00:09]} 62.
Ke2 {[%clk 00:02:03]} {[%emt 00:01:06]} Kxg5 {[%clk 00:00:12]} {[%emt
00:00:07]} 63. Nd7 {[%emt 00:00:08]} Ra8 {[%clk 00:00:10]} 64. Kf3 {[%clk
00:02:06]} {[%emt 00:00:06]} Rh8 {[%clk 00:00:09]} {[%emt 00:00:05]} 0-1

[Event "World Youth & Cadets Rapid Championships"]
[Site "Rhodes, Greece"]
[Date "2022.05.01"]
[Round "8.13"]
[White "Mamedov, Edgar"]
[Black "Erdogmus, Yagiz Kaan"]
[Result "1/2-1/2"]
[TimeControl "10'/game & 5\"/move"]
[WhiteElo "1854"]
[BlackElo "1442"]

1. d4 {[%clk 00:10:08]} {[%emt 00:00:02]} Nf6 {[%clk 00:10:02]} {[%emt
00:00:09]} 2. c4 {[%clk 00:10:10]} {[%emt 00:00:02]} g6 {[%clk 00:10:06]}
{[%emt 00:00:02]} 3. Nc3 {[%clk 00:10:13]} {[%emt 00:00:02]} d5 {[%clk
00:10:09]} {[%emt 00:00:02]} 4. cxd5 {[%clk 00:10:14]} {[%emt 00:00:03]} Nxd5
{[%clk 00:10:13]} {[%emt 00:00:02]} 5. e4 {[%clk 00:10:17]} {[%emt 00:00:02]}
Nxc3 {[%clk 00:10:16]} {[%emt 00:00:02]} 6. bxc3 {[%clk 00:10:19]} {[%emt
00:00:03]} Bg7 {[%clk 00:10:19]} {[%emt 00:00:02]} 7. Bc4 {[%clk 00:10:20]}
{[%emt 00:00:03]} c5 {[%clk 00:10:22]} {[%emt 00:00:02]} 8. Ne2 {[%clk
00:10:23]} {[%emt 00:00:02]} Nc6 {[%emt 00:00:04]} 9. Be3 {[%clk 00:10:26]} O-O
{[%clk 00:10:27]} {[%emt 00:00:03]} 10. O-O {[%clk 00:10:27]} {[%emt 00:00:03]}
Bg4 {[%clk 00:10:31]} {[%emt 00:00:02]} 11. f3 {[%clk 00:10:29]} {[%emt
00:00:03]} Na5 {[%clk 00:10:34]} {[%emt 00:00:01]} 12. Bxf7+ {[%clk 00:10:23]}
{[%emt 00:00:11]} Rxf7 {[%clk 00:10:38]} {[%emt 00:00:02]} 13. fxg4 {[%clk
00:10:26]} {[%emt 00:00:02]} Rxf1+ {[%clk 00:10:41]} {[%emt 00:00:01]} 14. Kxf1
{[%clk 00:10:29]} {[%emt 00:00:02]} Qd6 {[%clk 00:10:38]} {[%emt 00:00:08]} 15.
Kg1 {[%clk 00:09:46]} {[%emt 00:00:49]} Qe6 {[%clk 00:09:17]} {[%emt 00:01:26]}
16. e5 {[%clk 00:09:09]} {[%emt 00:00:41]} Qc4 {[%clk 00:08:04]} {[%emt
00:01:18]} 17. Nf4 {[%clk 00:06:35]} {[%emt 00:02:40]} Rd8 {[%clk 00:07:11]}
{[%emt 00:00:58]} 18. Qe2 {[%clk 00:05:11]} {[%emt 00:01:29]} cxd4 {[%clk
00:06:33]} {[%emt 00:00:44]} 19. cxd4 {[%clk 00:03:47]} {[%emt 00:01:28]} Rxd4
{[%clk 00:06:09]} {[%emt 00:00:28]} 20. Rc1 {[%clk 00:03:44]} {[%emt 00:00:09]}
Qxe2 {[%clk 00:05:51]} {[%emt 00:00:22]} 21. Rc8+ {[%clk 00:03:39]} {[%emt
00:00:10]} Bf8 {[%clk 00:04:50]} {[%emt 00:01:07]} 22. Nxe2 {[%clk 00:03:37]}
{[%emt 00:00:07]} Rd1+ {[%clk 00:04:05]} {[%emt 00:00:50]} 23. Kf2 {[%clk
00:03:37]} {[%emt 00:00:05]} Nc6 {[%emt 00:00:02]} 24. e6 {[%clk 00:02:53]}
{[%emt 00:00:48]} Rd6 {[%clk 00:02:26]} {[%emt 00:01:48]} 25. Bh6 {[%clk
00:01:31]} {[%emt 00:01:27]} Nd8 {[%clk 00:01:27]} {[%emt 00:01:04]} 26. Bf4
{[%clk 00:01:21]} {[%emt 00:00:15]} Rd3 {[%clk 00:01:25]} {[%emt 00:00:07]} 27.
Be3 {[%clk 00:00:37]} {[%emt 00:00:49]} Nxe6 28. Bxa7 Ra3 {[%clk 00:01:07]}
{[%emt 00:00:08]} 29. Bc5 {[%clk 00:00:22]} {[%emt 00:00:21]} Nxc5 {[%emt
00:00:25]} 30. Rxc5 {[%clk 00:00:26]} {[%emt 00:00:01]} Rxa2 {[%clk 00:00:52]}
31. Rb5 {[%clk 00:00:30]} {[%emt 00:00:02]} Ra7 {[%clk 00:00:55]} {[%emt
00:00:01]} 32. Ke3 {[%clk 00:00:31]} {[%emt 00:00:03]} Kf7 {[%clk 00:00:59]}
{[%emt 00:00:02]} 33. Nd4 {[%clk 00:00:25]} {[%emt 00:00:11]} e6 {[%clk
00:00:40]} {[%emt 00:00:24]} 34. g3 {[%clk 00:00:22]} {[%emt 00:00:08]} Bd6
{[%clk 00:00:17]} {[%emt 00:00:28]} 35. Ke4 {[%clk 00:00:24]} {[%emt 00:00:03]}
Ke7 {[%clk 00:00:18]} {[%emt 00:00:04]} 36. g5 {[%clk 00:00:19]} {[%emt
00:00:11]} Kd7 {[%clk 00:00:15]} {[%emt 00:00:07]} 37. Rb1 {[%clk 00:00:15]}
{[%emt 00:00:08]} Bc5 {[%clk 00:00:10]} {[%emt 00:00:10]} 38. Nf3 {[%clk
00:00:15]} {[%emt 00:00:06]} Ke7 {[%clk 00:00:08]} {[%emt 00:00:07]} 39. Ne5
{[%clk 00:00:15]} {[%emt 00:00:05]} Ra4+ {[%clk 00:00:10]} {[%emt 00:00:03]} 40.
Kf3 {[%clk 00:00:18]} {[%emt 00:00:02]} b6 {[%clk 00:00:10]} {[%emt 00:00:05]}
41. Rd1 {[%clk 00:00:20]} {[%emt 00:00:03]} Ke8 {[%clk 00:00:11]} {[%emt
00:00:04]} 42. Rd7 {[%clk 00:00:21]} {[%emt 00:00:03]} Bd4 {[%clk 00:00:12]}
{[%emt 00:00:05]} 43. Rd6 {[%clk 00:00:22]} {[%emt 00:00:04]} Bxe5 {[%clk
00:00:06]} 44. Rxe6+ {[%clk 00:00:26]} {[%emt 00:00:12]} Kf7 {[%emt 00:00:02]}
45. Rxe5 {[%clk 00:00:29]} Rb4 {[%clk 00:00:14]} {[%emt 00:00:02]} 46. Rd5
{[%clk 00:00:26]} {[%emt 00:00:07]} b5 {[%clk 00:00:12]} {[%emt 00:00:08]} 47.
Rd7+ {[%clk 00:00:30]} {[%emt 00:00:01]} Ke6 {[%clk 00:00:11]} {[%emt
00:00:06]} 48. Rxh7 {[%clk 00:00:34]} {[%emt 00:00:01]} Kf5 {[%clk 00:00:15]}
{[%emt 00:00:02]} 49. Rf7+ {[%clk 00:00:37]} {[%emt 00:00:02]} Kxg5 {[%clk
00:00:11]} {[%emt 00:00:08]} 50. h4+ {[%clk 00:00:40]} {[%emt 00:00:02]} Kh6
{[%clk 00:00:15]} 51. g4 {[%clk 00:00:36]} {[%emt 00:00:09]} Rb3+ {[%clk
00:00:19]} {[%emt 00:00:01]} 52. Kf4 {[%clk 00:00:39]} {[%emt 00:00:03]} Rb4+
{[%clk 00:00:21]} {[%emt 00:00:02]} 53. Kg3 {[%clk 00:00:32]} {[%emt 00:00:11]}
Rb3+ {[%clk 00:00:25]} {[%emt 00:00:01]} 54. Kf4 {[%clk 00:00:33]} {[%emt
00:00:04]} Rb4+ {[%clk 00:00:25]} {[%emt 00:00:05]} 55. Kf3 {[%clk 00:00:36]}
{[%emt 00:00:02]} Rb3+ {[%clk 00:00:28]} {[%emt 00:00:02]} 56. Ke4 {[%clk
00:00:35]} {[%emt 00:00:07]} Rb4+ {[%clk 00:00:27]} {[%emt 00:00:06]} 57. Kf3
{[%clk 00:00:38]} 1/2-1/2